With Christ in heavenly realms: (Record no. 5836)

000 -LEADER
fixed length control field 00580nam a2200181 a 4500
001 - CONTROL NUMBER
control field :::00003578$&:&@@
003 - CONTROL NUMBER IDENTIFIER
control field OkBaRHE
005 - DATE AND TIME OF LATEST TRANSACTION
control field 20000607103307.0
008 - FIXED-LENGTH DATA ELEMENTS--GENERAL INFORMATION
fixed length control field s1986 j 000 0 eng u
040 ## - CATALOGING SOURCE
Transcribing agency
100 1# - MAIN ENTRY--PERSONAL NAME
Personal name Mitchell, Phyllis.
245 10 - TITLE STATEMENT
Title With Christ in heavenly realms:
Remainder of title a study of Ephesians.
260 ## - PUBLICATION, DISTRIBUTION, ETC. (IMPRINT)
Place of publication, distribution, etc Lynnwood, WA., :
Name of publisher, distributor, etc Aglow Publications
Date of publication, distribution, etc c1986
300 ## - PHYSICAL DESCRIPTION
Extent 64 p. ;
Dimensions 21 cm.
650 ## - SUBJECT ADDED ENTRY--TOPICAL TERM
Topical term or geographic name as entry element Bible New Testament Ephesians
General subdivision Study
942 ## - ADDED ENTRY ELEMENTS (KOHA)
Source of classification or shelving scheme
Koha item type Books
Copies
Koha item type Damaged status Date acquired Source of classification or shelving scheme Barcode Permanent Location Lost status Full call number Price effective from Withdrawn status Shelving location Not for loan Copy number Date last seen
Books 2010-04-14 3578RHEMA Bible Training College BS 2695 .M52010-04-14 General Stacks 12018-04-03